00913cam a22002411 45000010005000000030008000050050017000130080039000300350018000690350019000870400030001060410008001360820024001441000044001682450125002122600045003373000022003825000088004045260022004926500041005147000053005557000063006084448BD-RjUL20211208233908.0750331s19651909xx 000 0 eng a(BD-RjUL)4483 a(OCoLC)1245373 aDLCcOAUdOCoLCdDLCbeng aeng a347.9216bMAF 19651 aMaitland, Frederic William,d1850-1906.14aThe forms of action at common law :ba course of lectures by F.W. Maitland /cedited by A.H. Chaytor and W.J. Whittaker. aCambridge :bThe University press,c1965 axi, 92 p.c22 cm. a"First edition (with Equity) 1909 ... first published separately, 1936." -- p. [iv] bPolitical Science 0aActions and defenseszGreat Britain.1 aChaytor, A. H.q(Alfred Henry),d1869-1931,eed.1 aWhittaker, W. J.q(William Joseph),d1868-1931,ejoint ed.